Engineering Mechanics : (Record no. 1)
[ view plain ]
| 000 -الفاتح | |
|---|---|
| حقل البيانات ثابتة الطول | 00719nac a22002531u 4500 |
| 003 - محدد رقم الضبط | |
| رقم الضبط | OSt |
| 005 - وقت وتاريخ اخر تعامل مع التسجيلة | |
| رقم الضبط | 20201026093656.0 |
| 008 - عناصر البيانات ثابتة الطول - معلومات عامة | |
| حقل البيانات ثابتة الطول | 080729s2004 si a|||fr|||| 001 0 eng d |
| 020 ## - الرقم الدولى المعيارى للكتب | |
| الرقم الدولى المعيارى للكتاب | 0131248448 |
| 020 ## - الرقم الدولى المعيارى للكتب | |
| الرقم الدولى المعيارى للكتاب | 9780131228825 |
| 040 ## - مصدر الفهرسة | |
| وكالة الفهرسة الأصلية | EG-ScBUE |
| لغة الفهرسة | eng |
| وكالة النسخ | EG-ScBUE |
| 082 04 - رقم تصنيف ديوى العشرى | |
| رقم التصنيف | 620.1 |
| رقم المادة | HIB |
| رقم الطبعة | 22 |
| 100 1# - المدخل الرئيسى - إسم شخصى | |
| الإسم الشخصى | Hibbeler, R. C. |
| 9 (RLIN) | 18235 |
| 245 10 - بيان العنوان | |
| العنوان | Engineering Mechanics : |
| اسم جزء/قسم العمل | Statics / |
| بيان المسئوليه,etc | R.C. Hibbeler. |
| 250 ## - بيان الطبعة | |
| بيان الطبعة | 10th ed. in SI units |
| 260 ## - PUBLICATION, DISTRIBUTION, ETC. (IMPRINT) | |
| مكان الناشر او الموزع | Singapore : |
| اسم الناشر او الموزع | Prentice Hall, |
| تاريخ النشر أو التوزيع | c.2004. |
| 300 ## - الوصف المادى | |
| التعداد | xv, 639 p. : |
| تفاصيل ماديه اخرى للوعاء | col. ill. ; |
| أبعاد الوعاء | 25 cm. |
| 500 ## - تبصرة عامة | |
| تبصرة عامة | Index : p. 628-639. |
| 590 ## - تبصرة محلية(RLIN) | |
| تبصرة محلية | doaa mohamed |
| 650 #0 - المدخل الاضافى بالموضوع-مصطلح موضوعى | |
| مصطلح موضوعي أو اسم جغرافي كعنصر مدخل | Statics. |
| 9 (RLIN) | 18236 |
| مصدر الرأس أو المصطلح | BUEsh |
| 651 ## - المدخل الاضافى بالموضوع - اسم جغرافى | |
| مصدر الرأس أو المصطلح | BUEsh |
| 653 ## - مصطلح تكشيفى غير مقيد | |
| Resource For college | Engineering, Mechanical |
| 942 ## - عناصر المدخل الإضافي( كوها) | |
| سابقة رقم الطلب | 620.103 HIB |
| مصدر التصنيف او مخطط الترفيف | Dewey Decimal Classification |
| Serial record | 1 |
| حالة التراجع | حالة الفقد | مصدر التصنيف او خطة الترفيف | حالة تلف | ليس للاعارة | مجموعات كوها | المكان الدائم | المكان الحالي | موقع الترفيف | تاريخ الاكتساب | Source of acquisition | سعر الشراء الطبيعي | رقم الاستدعاء | الباركود | Date last seen | مُعار | التكلفة | نوع الوعاء |
|---|---|---|---|---|---|---|---|---|---|---|---|---|---|---|---|---|---|
| Dewey Decimal Classification | Central Library | Central Library | First floor | 08/11/2005 | Purchase | 270.00 | 620.1 HIB | 000004926 | 15/07/2025 | 15/10/2019 | 337.50 | Book - Borrowing | |||||
| Dewey Decimal Classification | Central Library | Central Library | First floor | 08/11/2005 | Purchase | 270.00 | 620.1 HIB | 000004929 | 15/07/2025 | 13/11/2023 | 337.50 | Book - Borrowing | |||||
| Dewey Decimal Classification | Central Library | Central Library | First floor | 11/11/2010 | Purchase | 270.00 | 620.1 HIB | 000004925 | 15/07/2025 | 15/09/2018 | 337.50 | Book - Borrowing | |||||
| Dewey Decimal Classification | Central Library | Central Library | First floor | 11/11/2010 | Purchase | 270.00 | 620.1 HIB | 000004928 | 15/07/2025 | 15/09/2018 | 337.50 | Book - Borrowing | |||||
| Dewey Decimal Classification | Central Library | Central Library | First floor | 08/11/2005 | Purchase | 270.00 | 620.1 HIB | 000004922 | 15/07/2025 | 25/07/2018 | 337.50 | Book - Borrowing | |||||
| Dewey Decimal Classification | Central Library | Central Library | First floor | 08/11/2005 | Purchase | 270.00 | 620.1 HIB | 000004927 | 15/07/2025 | 24/07/2018 | 337.50 | Book - Borrowing | |||||
| Dewey Decimal Classification | Central Library | Central Library | First floor | 08/11/2005 | Purchase | 270.00 | 620.1 HIB | 000004930 | 15/07/2025 | 24/07/2018 | 337.50 | Book - Borrowing | |||||
| Dewey Decimal Classification | Central Library | Central Library | First floor | 05/11/2009 | Purchase | 270.00 | 620.1 HIB | 000004923 | 15/07/2025 | 24/09/2014 | 337.50 | Book - Borrowing | |||||
| Dewey Decimal Classification | Central Library | Central Library | First floor | 11/11/2010 | Purchase | 270.00 | 620.1 HIB | 000004924 | 15/07/2025 | 01/03/2018 | 337.50 | Book - Borrowing | |||||
| Dewey Decimal Classification | Central Library | Central Library | First floor | 07/09/2006 | Purchase | 270.00 | 620.1 HIB | 000004921 | 15/07/2025 | 29/09/2015 | 337.50 | Book - Borrowing | |||||
| Dewey Decimal Classification | Central Library | Central Library | First floor | 22/01/2013 | Purchase | 270.00 | 620.1 HIB | 000005379 | 15/07/2025 | 11/03/2018 | 337.50 | Book - Borrowing |